Loading...

Pratibhanam; A Collection of Research Papers

Bibliographic Details
Main Author: P K Narayana Pillai
Format: Printed Book
Published: Trivandrum; St. Josephs Press; 1970
Edition:1st
Subjects:
LEADER 00714nam a22001577a 4500
082 |a 819.2  |b NAR/P L0 
100 |a P K Narayana Pillai  |9 312555 
245 |a Pratibhanam;  |b A Collection of Research Papers 
250 |a 1st 
260 |a Trivandrum;  |b St. Josephs Press;  |c 1970 
300 |a 282p. 
650 |a English;Sanskrit litrectute  |9 312556 
942 |c BK 
999 |c 64257  |d 64257 
952 |0 0  |1 0  |4 0  |6 824_080000000000000_NAR_P_L0  |7 0  |8 EnglLS  |9 76870  |a MAL  |b MAL  |d 2016-10-07  |e 15232  |g 30.00  |l 0  |o 824 08 NAR/P L0  |p MAL015232  |r 2016-10-07  |t 1  |w 2016-10-07  |y BK 
952 |0 0  |1 0  |4 0  |6 819_200000000000000_08_NAR_P_L01  |7 0  |8 SanskritLi  |9 76871  |a MAL  |b MAL  |d 2016-10-26  |e TE224  |g 30.00  |l 0  |o 819.2 08 NAR/P L0;1  |p MALTE000224  |r 2016-10-26  |t 2  |w 2016-10-26  |y BK